000 00398 a2200133 4500
005 20250626125027.0
020 _a0-88936-854-6
082 _a658 MOR
245 _aTransnational Social Policies:The New DevelopmentChallenges of Globalization
260 _aOttawa
_bEarthscan Publications LTD
_c1999
300 _avii,203p.;
_bAppendix,Index
_c22cm.
700 _aDaniel Morales-Gomez
942 _2ddc
_cBKS
999 _c5336
_d5336